00560nam a2200205 a 4500001001300000003000900013005001700022008004100039020002300080082001300103100002200116245003000138260004800168300000900216500003500225505001000260650002300270650003900293700002200332nice12345678IN_TiNIC20260116013046.0050524s1993 bloa grp 000 0 eng  a0253238 c58800a958bEIC aEickelman, Dale F aRussia`s Muslim Frontiers aBloomingtonbIndiana University Pressc1993 a206p aincludes index and biblioraphy2 aIndex aIslam and Politics aCentral Asia-Politics & Government1 aEickelman, Dale F